LIBRARY & INFORMATION CENTRE, KCAET, TAVANUR

ONLINE PUBLIC ACCESS CATALOGUE (OPAC)

Scientists and inventors / (Record no. 3231)

MARC details
000 -LEADER
fixed length control field 00410cam a2200169ua 4500
003 - CONTROL NUMBER IDENTIFIER
control field OSt
008 - FIXED-LENGTH DATA ELEMENTS--GENERAL INFORMATION
fixed length control field 240323b |||||||| |||| 00| 0 eng d
041 ## - LANGUAGE CODE
Language code of text/sound track or separate title eng
082 ## - DEWEY DECIMAL CLASSIFICATION NUMBER
Classification number 925.08
Item number FEL/SC
100 ## - MAIN ENTRY--AUTHOR NAME
Personal name Feldman, anthony .
245 ## - TITLE STATEMENT
Title Scientists and inventors /
250 ## - EDITION STATEMENT
Edition statement 1 /
260 ## - PUBLICATION, DISTRIBUTION, ETC. (IMPRINT)
Place of publication New York :
Name of publisher Faets on file ,
Year of publication 1986.
300 ## - PHYSICAL DESCRIPTION
Number of Pages 352 ; .
700 1# - ADDED ENTRY--PERSONAL NAME
Personal name Ford, Peter
942 ## - ADDED ENTRY ELEMENTS (KOHA)
Koha item type Books
Holdings
Withdrawn status Lost status Damaged status Home library Current library Date acquired Full call number Accession Number Koha item type
      KAUAET KAUAET 31/03/1987 925.08 FEL/SC 16336 Books
free website counter